The Top 30 Best-selling Video Games - Statistics

General Stats
  • This quiz has been taken 363 times
  • The average score is 11 of 30
Answer Stats
Position Copies Sold Developers Date Released Genre Answer % Correct
No. 1 200 Million Mojang November 18, 2011 Sandbox, Survival Minecraft
96%
No. 4 82.9 Million Nintendo November 19, 2006 Sports Wii Sports
73%
No. 2 145 Million Rockstar September 17, 2013 Action Adventure Grand Theft Auto V
70%
No. 3 100 Million EA September 12, 2006 Puzzle Tetris (EA)
63%
No. 10 43 Million Nintendo June 14, 1989 Puzzle Tetris (Nintendo)
63%
No. 6 58 Million Nintendo September 13, 1985 Platformer Super Mario Bros.
59%
No. 8 43.84 Million Nintendo May 29, 2014 Kart Racing Mario Kart 8
54%
No. 5 70 Million **** Corp. December 20, 2017 Battle Royale PlayerUnknown'sBattlegrounds
54%
No. 13 37 Million Rockstar October 26, 2018 Action Adventure Read Dead Redemption 2
50%
No. 9 43.8 Million Nintendo December 1, 2007 Fitness Wii Fit
47%
No. 11 40.96 Million Namco July 1980 Maze Pac-Man
43%
No. 12 37.38 Million Nintendo April 10, 2008 Kart Racing Mario Kart Wii
41%
No. 7 47.52 Million Game Freak February 27, 1996 RPG Pokémon Red / Blue
41%
No. 27 27.5 Million Rockstar October 26, 2004 Action Adventure Grand Theft Auto: SanAndreas
38%
No. 20 30 Million Infinity Ward October 25, 2019 FPS Call of Duty: ModernWarfare
37%
No. 30 26.2 Million Treyarch November 9, 2010 FPS Call of Duty: Black Ops
35%
No. 15 33.14 Million Nintendo June 25, 2009 Sports Wii Sports Resort
31%
No. 24 29.49 Million Game Freak November 21, 1999 RPG Pokémon Gold / Silver
25%
No. 16 32.63 Million Nintendo March 20, 2020 Social Simulation Animal Crossing: NewHorizons
24%
No. 29 26.5 Million Infinity Ward November 8, 2011 FPS Call of Duty: Modern Warfare 3
23%
No. 22 30 Million CD Projekt May 19, 2015 RPG The Witcher 3
23%
No. 25 28.3 Million Nintendo April 21, 1984 Shooter Duck Hunt
21%
No. 17 30.8 Million Nintendo May 15, 2006 Platformer New Super Mario Bros.
20%
No. 14 35 Million Re-Logic May 16, 2011 Sandbox, Survival Terraria
20%
No. 28 26.66 MIllion Nintendo November 21, 1990 Platformer Super Mario World
19%
No. 19 30 Million Bethesda November 11, 2011 RPG The Elder Scrolls V:Skyrim
15%
No. 18 30.32 Million Nintendo November 11, 2009 Platformer New Super Mario Bros.Wii
14%
No. 26 28 Million Nintendo December 2, 2006 Party Wii Play
10%
No. 21 30 Million Blizzard May 16, 2012 RPG Diablo III
7%
No. 23 30 Million No Brakes July 22, 2016 Puzzle Platformer Human: Fall Flat
5%
No matching quizzes found
Score Distribution
Percent of People with Each Score
Percentile by Number Answered
Your Score History
You have not taken this quiz